000 00728nam a22001817a 4500
999 _c61414
_d61414
005 20240311102823.0
008 240311s1963 ru ||||| |||| 00| 0 rus d
041 _arus
080 _a1(092) K-36
100 _aКессиди, Ф. Х.
_921371
245 _aФилософские эстетические взгляды Гераклита Эфесского :
_b2500 лет со дня рождения /
_cФ. Х. Кессиди.
264 _aМосква :
_bИздательство Академии художеств,
_c1963.
300 _a164 с.:
_bил. ;
_c18 см.
521 _aБиблиогр.: с. 159 - 162.
653 _aფილოსოფია
653 _aესთეტიკა
942 _2udc
_cBK